000 01170cam a22003377a 4500
003 CHAP
005 20220329134050.0
008 971013s1956 r 00010 d
010 _a14898
011 _a15870
035 _a19947
040 _cCHAP
090 _aFolleto 338
100 0 0 _aBerdegué Aznar, Julio.
_911734
245 1 3 _aLa foca fina, el elefante marino y la ballena gris en Baja California, y el problema de su conservación
260 _aMéxico, D. F. :
_bInstituto Mexicano de Recursos Naturales Renovalbes,
_c1956
300 _a38 p.
490 0 _aIMRNR. Publicación
_v; 14
590 _aBATCH-UPD
_b10
_c20130110
_lUCH01
_h0043
590 _aBATCH-UPD
_b10
_c20130110
_lUCH01
_h2315
590 _aBATCH-UPD
_b10
_c20130409
_lUCH01
_h2029
590 _aBATCH-UPD
_b10
_c20130410
_lUCH01
_h1606
590 _aBATCH-UPD
_b10
_c20130914
_lUCH01
_h0605
590 _aBATCH-UPD
_b10
_c20130914
_lUCH01
_h2117
590 _aCONVERSION
_b10
_c20130109
_lUCH01
_h1309
650 1 4 _aFauna marina
_xBaja California.
_939845
830 0 _aIMRNR. Publicación
_v; 14
_957509
901 _aBK
942 _cFOLL
949 _aFolleto 338
_bBC
_cFOLL
_d-46449
_eTS1
_i19947
_si
999 _c14898
_d14898